Tilastot visalle Pohjoismaiden Suurimmat Kaupungit • A-Z

Klikkaa tästä pelataksesi tätä visaa!

Yleistilastot

  • Tätä visaa on pelattu 134 kertaa
    (130 viimeisimmän päivityksen jälkeen)
  • Keskiarvotulos 16 / 24

Vastaustilastot

#VäkilukuMaaKaupunki% Oikein
H642,045FIHelsinki
100%
O634,463NOOslo
99%
E277,375FIEspoo
98%
G516,532SEGöteborg
93%
T851,155SETukholma
93%
V221,821FiVantaa
92%
K602,481DKKööpenhamina
90%
J139,260FIJyväskylä
89%
R121,000ISReykjavik
89%
M293,909SEMalmö
87%
P84,779FIPori
83%
L119,395FILahti
82%
B278,121NOBergen
79%
I27,357FIImatra
63%
U140,454SEUppsala
60%
A269,022DKAarhus
57%
Y32,851FIYlöjärvi
56%
S129,191NOStavanger
40%
Ö/Ø107,038SEÖrebro
38%
N83,561SENorrköping
37%
D64,597NODrammen
22%
Å41,385NOÅlesund
10%
F80,977NOFredrikstad
6%
Ä/Æ38,222SEÄngelholm
5%

Tulosjakauma

Persentiili vastausten määrän mukaan

Jokaisen tuloksen saaneiden osuus

Tuloshistoriasi

Et ole pelannut tätä visaa sen viimeisimmän päivityksen jälkeen